| 000 | 00703cam a22001694a 4500 | ||
|---|---|---|---|
| 005 | 20250605163321.0 | ||
| 008 | 250528s ||||||||||||||||||||||||d | ||
| 035 | _a16731 | ||
| 040 |
_aGR-AtMCL _bgre _dGR-AtMCL _eAACR2 |
||
| 245 | 1 | _aΚείμενα Νεοελληνικής Λογοτεχνίας / Πεζογραφία 3: Γυμνάσιου - Λυκείου | |
| 260 | _bΟργανισμός Εκδόσεων Διδακτικών Βιβλίων | ||
| 300 | _a144 | ||
| 520 | _aΒιβλίο του Καθηγητή. Βιζυηνός, Παπαδιαμάντης, Θεοτόκης, Κοσμάς Πολίτης, Μπεράτης, Χατζής. | ||
| 942 | _cBK | ||
| 999 |
_c2201 _d2201 |
||